El verdadero Pablo Escobar : (Registro nro. 7468)
[ vista simple ]
| 000 -LEADER | |
|---|---|
| fixed length control field | 02412nam a22002657a 4500 |
| 003 - CONTROL NUMBER IDENTIFIER | |
| control field | OSt |
| 005 - DATE AND TIME OF LATEST TRANSACTION | |
| control field | 20210305185010.0 |
| 008 - FIXED-LENGTH DATA ELEMENTS--GENERAL INFORMATION | |
| fixed length control field | 210305s2005 ck ao||gr|||| 00| 0dspa d |
| 020 ## - INTERNATIONAL STANDARD BOOK NUMBER | |
| International Standard Book Number | 9589760473 |
| 040 ## - CATALOGING SOURCE | |
| Original cataloging agency | CO-JMCR |
| Transcribing agency | CO-JMCR |
| 041 0# - LANGUAGE CODE | |
| Language code of text/sound track or separate title | spa |
| 082 04 - DEWEY DECIMAL CLASSIFICATION NUMBER | |
| Classification number | 354.157 / |
| Item number | L497v |
| Edition number | 23 |
| 100 1# - MAIN ENTRY--PERSONAL NAME | |
| Personal name | Legarda Martínez, Astrid, |
| Relator term | autora |
| 9 (RLIN) | 14462 |
| 245 13 - TITLE STATEMENT | |
| Title | El verdadero Pablo Escobar : |
| Remainder of title | sangre, traición y muerte... / |
| Statement of responsibility, etc. | Astrid Legarda Martínez |
| 250 ## - EDITION STATEMENT | |
| Edition statement | Primera edición |
| 260 ## - PUBLICATION, DISTRIBUTION, ETC. | |
| Place of publication, distribution, etc. | Bogotá : |
| Name of publisher, distributor, etc. | Ediciones Dipón : Ediciones Gato Azul, |
| Date of publication, distribution, etc. | 2005 |
| 300 ## - PHYSICAL DESCRIPTION | |
| Extent | 318 páginas : |
| Other physical details | ilustraciones y fotografías a blanco y negro ; |
| Dimensions | 24 cm. |
| 500 ## - GENERAL NOTE | |
| General note | Incluye datos biográficos del autor. |
| 505 0# - FORMATTED CONTENTS NOTE | |
| Formatted contents note | El comienzo -- La forja de un capo -- El becerro de oro -- Incursionando en política -- Camino sin retorno -- La doble moral sandinista -- El altar de los holocaustos -- Mensaje de fuego -- La justicia en la mira... -- El presidente se tira la fiesta -- El martirio de un periodista -- Caramelos para la DEA -- La guerra sucia -- ETA: origen del terrorismo -- Secuestros VIP -- Pactando con el diablo -- Muerte por error -- "¡Mátalo Pablo..!" -- "El vuelo de la muerte" -- Se busca... -- Explota el DAS -- Muerte de un mito -- Promesas incumplidas -- Burlando el cerco -- Conexión México-Cuba -- Enroque y jaque mate -- Buscando una cárcel -- Más sangre inocente -- Constituyentes en venta -- Saldando cuentas -- Las mujeres de Pablo -- Cárcel a la medida -- El éxodo -- Una tumba en Colombia -- Arma de doble filo |
| 520 3# - SUMMARY, ETC. | |
| Summary, etc. | El verdadero Pablo, es el testimonio de "Popeye", principal lugarteniente, secretario privado y amigo de Pablo Emilio Escobar Gaviria; testigo privilegiado y participe necesario del horror instaurado por el Cartel de Medellín, que ensangrentó a Colombia por tantos años.<br/>Jhon Jairo Velásquez Vásquez, alias "Popeye", desde la prisión, desgrana sus recuerdos y vivencias, dando a conocer datos totalmente inéditos como aporte para comprender mejor; no solo la completa personalidad del Capo que arrodilló a toda una nación, sino también para esclarecer esa oscura página de la historia reciente de Colombia, que fue escrita con Sangre, traición y muerte... |
| 600 14 - SUBJECT ADDED ENTRY--PERSONAL NAME | |
| Personal name | Escobar Gaviria, Pablo Emilio, |
| Chronological subdivision | 1949-1993 |
| 9 (RLIN) | 14463 |
| 650 14 - SUBJECT ADDED ENTRY--TOPICAL TERM | |
| Topical term or geographic name entry element | Cartel de Medellín |
| 9 (RLIN) | 14464 |
| 650 24 - SUBJECT ADDED ENTRY--TOPICAL TERM | |
| Topical term or geographic name entry element | Narcotráfico |
| General subdivision | relatos personales |
| Geographic subdivision | Colombia |
| 9 (RLIN) | 14465 |
| 942 ## - ADDED ENTRY ELEMENTS (KOHA) | |
| Source of classification or shelving scheme | Dewey Decimal Classification |
| Koha item type | Books |
| Withdrawn status | Lost status | Source of classification or shelving scheme | Damaged status | Not for loan | Collection code | Home library | Current library | Date acquired | Source of acquisition | Coded location qualifier | Total Checkouts | Full call number | Barcode | Date last seen | Date last checked out | Copy number | Price effective from | Koha item type |
|---|---|---|---|---|---|---|---|---|---|---|---|---|---|---|---|---|---|---|
| Dewey Decimal Classification | Non-fiction | Biblioteca Pública José María del Castillo y Rada | Biblioteca Pública José María del Castillo y Rada | 02/25/2021 | Donación | $0 | 3 | 354.157 / L497v | 201810640 | 05/16/2024 | 04/15/2024 | Ej.1 | 03/05/2021 | Books |